000 00794nam a2200217 a 4500
005 20200104041611.0
008 140130b2007 ck ||||| |||| 00| 0 spa d
040 _aCO-BoIAVH
_cCO-BoIAVH
041 _aspa
044 _ack
082 1 4 _a333.78316
_bP25p
110 _aParques Nacionales Naturales de Colombia
_982956
245 1 0 _aParque Nacional Natural Tamá, resumen ejecutivo:
_bPlan de Manejo 2005-2009
260 _aBogotá:
_bParques Nacionales Naturales,
_bInstituto Alexander von Humboldt;
_c2007.
300 _a44 páginas
650 0 _aParques Nacionales Naturales
_zColombia
_982957
662 _aColombia
_cParque Nacional Natural Tamá
710 2 _aInstituto de Investigación de Recursos Biológicos Alexander von Humboldt
_9204
942 _cLIBRO
_2ddc
945 _d2008-11-25
999 _c6683
_d6683